Wszystkie flagi Włoch - Statystyki

Ogólne statystyki
  • Ten quiz został rozwiązany 8 razy
  • Średni wynik to 4 z 6
Statystyki odpowiedzi
Obrazkowy Hint Odpowiedź % Poprawnych
1861-1925 Królestwo Włoch
100%
1925-1946 Królestwo Włoch
80%
1946-obecnie Włochy
80%
1805-1814 Królestwo Włoch
60%
1802-1805 Republika Włoska
40%
1943-1945 Włoska Republika Socjalna
20%
Nie znaleziono quizów pasujących do podanych kryteriów
Rozkład punktacji
Procent ludzi z każdym wynikiem
Percentyl według liczby udzielonych odpowiedzi
Twoja historia wyników
Nie rozwiązałeś tego quizu